[Event "Tbilisi Municipality Cup 2010"]
[Site "?"]
[Date "2010.05.18"]
[Round "4.3"]
[White "Shanava, Konstantine"]
[Black "Khazhalia, Simon"]
[Result "1-0"]
[WhiteElo "2557"]
[BlackElo "2054"]
[PlyCount "77"]
[EventDate "2010.??.??"]
[SourceDate "2010.05.18"]

1. e4 e5 2. Nf3 Nc6 3. Bc4 Nf6 4. d3 h6 5. O-O d6 6. c3 Be7 7. Bb3 O-O 8. Nbd2
Bg4 9. h3 Bh5 10. Re1 Nh7 11. g4 Bg6 12. Nf1 Ng5 13. Kg2 Nxf3 14. Qxf3 Bg5 15.
Ng3 Qf6 16. Bxg5 Qxf3+ 17. Kxf3 hxg5 18. Rh1 Na5 19. Bc2 f6 20. h4 Kf7 21. b4
Nc6 22. Bb3+ Ke7 23. Nf5+ Bxf5 24. gxf5 Rh8 25. Rag1 Rad8 26. hxg5 Rxh1 27.
gxf6+ Kxf6 28. Rxh1 Ne7 29. Ke3 b6 30. f4 c5 31. b5 Rc8 32. Be6 Ra8 33. Rh7 a6
34. bxa6 Rxa6 35. fxe5+ dxe5 36. Rh8 Ra7 37. Rb8 g6 38. Rf8+ Kg5 39. f6 1-0

[Event "Tbilisi Municipality Cup 2010"]
[Site "?"]
[Date "2010.05.18"]
[Round "4.4"]
[White "Muzichyk, Anna"]
[Black "Maghalashvili, Davit"]
[Result "1/2-1/2"]
[WhiteElo "2529"]
[BlackElo "2461"]
[PlyCount "77"]
[EventDate "2010.??.??"]
[SourceDate "2010.05.18"]

1. d4 d5 2. c4 e6 3. Nc3 Be7 4. cxd5 exd5 5. Bf4 c6 6. e3 Bd6 7. Bxd6 Qxd6 8.
Bd3 Ne7 9. Qf3 Nd7 10. Nge2 Nf6 11. h3 O-O 12. g4 Ng6 13. g5 Nh4 14. Qg3 Qxg3
15. Nxg3 Nf3+ 16. Ke2 Nxg5 17. Nf5 Bxf5 18. Bxf5 g6 19. Rhg1 Nge4 20. Bxe4 Nxe4
21. Nxe4 dxe4 22. Rac1 Rad8 23. Rc5 f6 24. b4 Rf7 25. a4 Rd5 26. Rxd5 cxd5 27.
Rc1 Rd7 28. b5 Kf7 29. a5 Ke6 30. Rc8 h5 31. Kf1 h4 32. Kg2 g5 33. Kh2 f5 34.
Ra8 b6 35. axb6 axb6 36. Rb8 Rd6 37. Rf8 Rd7 38. Rb8 Rd6 39. Rf8 1/2-1/2

[Event "Tbilisi Municipality Cup 2010"]
[Site "?"]
[Date "2010.05.18"]
[Round "4.6"]
[White "Mchedlishvili, Mikheil"]
[Black "Lomsadze, Davit"]
[Result "1-0"]
[WhiteElo "2630"]
[BlackElo "2366"]
[PlyCount "69"]
[EventDate "2010.??.??"]
[SourceDate "2010.05.18"]

1. d4 Nf6 2. Nf3 g6 3. c4 Bg7 4. Nc3 O-O 5. e4 d6 6. Be2 Bg4 7. Be3 Nc6 8. d5
Bxf3 9. Bxf3 Na5 10. Be2 c5 11. O-O a6 12. Qc2 Rb8 13. Rab1 b6 14. f4 Qc8 15.
Kh1 e6 16. Rbd1 Re8 17. e5 dxe5 18. fxe5 Nd7 19. Ne4 Bxe5 20. Rxf7 Kxf7 21.
dxe6+ Rxe6 22. Ng5+ Kg8 23. Nxe6 Nf6 24. Rd8+ Qxd8 25. Nxd8 Rxd8 26. Bf3 Rd6
27. b4 cxb4 28. c5 Re6 29. cxb6 Bc3 30. Qd3 Kg7 31. h3 Nc6 32. Bxc6 Rxc6 33. b7
Be5 34. Qd8 Re6 35. b8=Q 1-0

[Event "Tbilisi Municipality Cup 2010"]
[Site "?"]
[Date "2010.05.18"]
[Round "4.7"]
[White "Tabatadze, Tamaz"]
[Black "Gelashvili, Tamaz"]
[Result "1/2-1/2"]
[WhiteElo "2390"]
[BlackElo "2614"]
[PlyCount "76"]
[EventDate "2010.??.??"]
[SourceDate "2010.05.18"]

1. e4 d6 2. d4 g6 3. Nc3 Bg7 4. Be3 a6 5. f4 Nd7 6. Nf3 e6 7. Bd3 Ne7 8. O-O
O-O 9. f5 exf5 10. exf5 Nf6 11. fxg6 fxg6 12. Qd2 Nf5 13. Bg5 c6 14. Ne4 Qb6
15. Nxf6+ Bxf6 16. Bxf6 Rxf6 17. c3 Bd7 18. Rae1 Raf8 19. Bxf5 Bxf5 20. Re7
R6f7 21. Rxf7 Rxf7 22. Ng5 Rg7 23. Qe3 Qd8 24. Rxf5 gxf5 25. Qe6+ Kf8 26. Qxf5+
Kg8 27. Ne6 Qe7 28. Nxg7 Qe3+ 29. Qf2 Qc1+ 30. Qf1 Qe3+ 31. Qf2 Qc1+ 32. Qf1
Qe3+ 33. Kh1 Kxg7 34. h3 Qd2 35. Qf5 d5 36. Qd7+ Kg6 37. Qxb7 Qc1+ 38. Kh2 Qf4+
1/2-1/2

[Event "Tbilisi Municipality Cup 2010"]
[Site "?"]
[Date "2010.05.18"]
[Round "4.8"]
[White "Sanikidze, Tornike"]
[Black "Quparadze, Giga"]
[Result "1/2-1/2"]
[WhiteElo "2569"]
[BlackElo "2348"]
[PlyCount "124"]
[EventDate "2010.??.??"]
[SourceDate "2010.05.18"]

1. d4 Nf6 2. c4 e6 3. Nf3 b6 4. g3 Bb4+ 5. Bd2 Be7 6. Bg2 c6 7. O-O O-O 8. Bf4
d5 9. Qc2 Ba6 10. b3 Nbd7 11. Rd1 Rc8 12. Nc3 Qe8 13. e4 dxc4 14. Nd2 Bb4 15.
Nxc4 Bxc4 16. bxc4 e5 17. dxe5 Nxe5 18. Ne2 Ng6 19. Be3 Qe5 20. Bd4 Qe7 21. Bb2
Bc5 22. Nd4 Bxd4 23. Rxd4 Rcd8 24. Rad1 Rxd4 25. Rxd4 h5 26. Qc3 Re8 27. c5 Ne5
28. cxb6 axb6 29. f4 c5 30. Rd1 Ng6 31. e5 Ng4 32. h3 Nh6 33. Be4 Nf8 34. f5
Nh7 35. h4 Ng4 36. e6 fxe6 37. Bc6 Rf8 38. Rd7 Qf6 39. Qxf6 Nhxf6 40. fxe6 Nxd7
41. Bxd7 Ra8 42. Bc6 Rc8 43. e7 Kf7 44. e8=Q+ Rxe8 45. Bxe8+ Kxe8 46. Bxg7 Kf7
47. Bb2 Ke6 48. Kg2 Kf5 49. Kf3 b5 50. Bg7 b4 51. Bf8 Ne5+ 52. Ke3 Nd7 53. Bh6
Kg4 54. Bf4 Nb6 55. Kd3 Kf5 56. Bd6 c4+ 57. Kd4 b3 58. axb3 cxb3 59. Kc3 b2 60.
Kc2 Nc4 61. Bf4 Ke4 62. Bc7 Kf3 1/2-1/2

[Event "Tbilisi Municipality Cup 2010"]
[Site "?"]
[Date "2010.05.18"]
[Round "4.10"]
[White "Javakhadze, Zurab"]
[Black "Kotanjian, Tigran"]
[Result "1/2-1/2"]
[WhiteElo "2335"]
[BlackElo "2522"]
[PlyCount "110"]
[EventDate "2010.??.??"]
[SourceDate "2010.05.18"]

1. d4 d5 2. Nf3 Nf6 3. c4 c6 4. cxd5 cxd5 5. Nc3 Nc6 6. Bf4 Bf5 7. e3 e6 8. Bd3
Bxd3 9. Qxd3 Bd6 10. Bxd6 Qxd6 11. O-O O-O 12. Rfc1 Rfc8 13. h3 Nd7 14. Ne2 Rc7
15. Rc3 Nb6 16. b3 Rac8 17. Rac1 Nd7 18. Qb1 Nf6 19. Nd2 g6 20. Qb2 a6 21. Nf4
Nb4 22. Rxc7 Rxc7 23. Rxc7 Qxc7 24. a3 Nc6 25. Nd3 Na7 26. Qc1 Qxc1+ 27. Nxc1
Ne4 28. Nxe4 dxe4 29. Kf1 Nb5 30. a4 Nc3 31. Ke1 f5 32. Kd2 Nd5 33. f3 exf3 34.
gxf3 Nb4 35. Ne2 Kf7 36. e4 Nc6 37. Kc3 Na5 38. Nc1 g5 39. exf5 exf5 40. d5 Kf6
41. Kd4 b6 42. b4 Nb7 43. Nd3 h5 44. Ne5 b5 45. a5 h4 46. Nd7+ Ke7 47. Nb8 g4
48. fxg4 fxg4 49. Ke3 gxh3 50. Kf2 Kd6 51. Nxa6 Kxd5 52. Nc7+ Kc6 53. a6 Kb6
54. Nxb5 Kxa6 55. Nd4 Nd6 1/2-1/2

[Event "Tbilisi Municipality Cup 2010"]
[Site "?"]
[Date "2010.05.18"]
[Round "4.12"]
[White "Bagaturov, Giorgi"]
[Black "Danelia, Mariam"]
[Result "1/2-1/2"]
[WhiteElo "2453"]
[BlackElo "2203"]
[PlyCount "56"]
[EventDate "2010.??.??"]
[SourceDate "2010.05.18"]

1. Nf3 Nf6 2. c4 g6 3. b3 Bg7 4. Bb2 O-O 5. e3 c6 6. Be2 d5 7. h3 Nbd7 8. O-O
Re8 9. Nc3 Ne4 10. Qc2 Nxc3 11. Bxc3 Bxc3 12. Qxc3 Nf6 13. b4 Bf5 14. Rfd1 Rc8
15. c5 h5 16. d3 Qc7 17. Ne5 Nd7 18. f4 Nxe5 19. fxe5 Qd7 20. Qd4 Rf8 21. Rf1
f6 22. exf6 Rxf6 23. g4 Qc7 24. Kg2 h4 25. gxf5 Qg3+ 26. Kh1 Qxh3+ 27. Kg1 Qg3+
28. Kh1 Qh3+ 1/2-1/2

[Event "Tbilisi Municipality Cup 2010"]
[Site "?"]
[Date "2010.05.18"]
[Round "4.14"]
[White "Khurtsidze, Nino"]
[Black "Iskandarov, Misratdin M.O"]
[Result "0-1"]
[WhiteElo "2448"]
[BlackElo "2175"]
[PlyCount "52"]
[EventDate "2010.??.??"]
[SourceDate "2010.05.18"]

1. d4 g6 2. Nf3 Bg7 3. c4 d6 4. b4 c5 5. a3 Bg4 6. e3 cxd4 7. exd4 Bxf3 8. gxf3
Nh6 9. Bh3 O-O 10. Be3 e6 11. O-O Qh4 12. Kg2 Nc6 13. f4 e5 14. fxe5 dxe5 15.
d5 g5 16. f3 Ne7 17. Qc1 Ng6 18. Bxg5 Qh5 19. Ra2 f5 20. d6 Rad8 21. Bxd8 Rxd8
22. f4 exf4 23. c5 f3+ 24. Kh1 Qxh3 25. Qc4+ Kh8 26. Nc3 Ne5 0-1

[Event "Tbilisi Municipality Cup 2010"]
[Site "?"]
[Date "2010.05.18"]
[Round "4.15"]
[White "Gaprindashvili, Valeriane"]
[Black "Eranyan, Khachatur"]
[Result "1-0"]
[WhiteElo "2415"]
[BlackElo "2055"]
[PlyCount "135"]
[EventDate "2010.??.??"]
[SourceDate "2010.05.18"]

1. d4 d5 2. c4 c6 3. Nf3 Nf6 4. e3 e6 5. Bd3 Bd6 6. O-O Nbd7 7. b3 O-O 8. Nc3
e5 9. cxd5 cxd5 10. Nb5 Bb8 11. dxe5 Nxe5 12. Be2 Nfg4 13. Nbd4 Nxf3+ 14. Nxf3
Qd6 15. g3 Nf6 16. Bb2 Rd8 17. Qd4 a6 18. Qh4 Bf5 19. Rac1 Ba7 20. Be5 Qe6 21.
Bd4 Bxd4 22. Nxd4 Qe4 23. Qxe4 Bxe4 24. Rc7 Rab8 25. Rfc1 Ne8 26. R7c5 Kf8 27.
h4 h6 28. h5 Ke7 29. a4 Nf6 30. a5 Kd6 31. b4 Ng8 32. Bg4 Ne7 33. R5c3 f5 34.
Bh3 Rdc8 35. f3 Rxc3 36. Rxc3 Bb1 37. b5 Rc8 38. bxa6 bxa6 39. Rxc8 Nxc8 40.
Bxf5 Bxf5 41. Nxf5+ Ke5 42. g4 Kf6 43. Kf2 Na7 44. Nd4 Nc8 45. Nc6 Nd6 46. Nb4
Ke5 47. f4+ Ke4 48. Nxa6 Nb7 49. Nc7 Nxa5 50. Ne6 Nb3 51. f5 Ke5 52. Nxg7 Kf6
53. Ne6 Nd2 54. Kg3 Ne4+ 55. Kf4 Nf2 56. Nc5 Nh3+ 57. Kg3 Ng5 58. Nd3 Ne4+ 59.
Kf4 Nc3 60. Nc5 Ne2+ 61. Kf3 Nc3 62. e4 Ke5 63. Nd3+ Kd4 64. e5 Kxd3 65. e6 Ne4
66. e7 Nf6 67. g5 hxg5 68. h6 1-0

[Event "Tbilisi Municipality Cup 2010"]
[Site "?"]
[Date "2010.05.18"]
[Round "4.16"]
[White "Mgeladze, Tamaz"]
[Black "Khotenashvili, Bela"]
[Result "0-1"]
[WhiteElo "2307"]
[BlackElo "2410"]
[PlyCount "98"]
[EventDate "2010.??.??"]
[SourceDate "2010.05.18"]

1. c4 e5 2. g3 Nc6 3. Bg2 g6 4. Nc3 Bg7 5. Rb1 d6 6. b4 f5 7. b5 Nce7 8. d3 h6
9. Qb3 Nf6 10. f4 exf4 11. gxf4 Rb8 12. Be3 Ng4 13. Bxa7 Ra8 14. Bf2 Nxf2 15.
Kxf2 c6 16. bxc6 bxc6 17. Nf3 Be6 18. e3 O-O 19. Rhc1 Ra5 20. Rc2 g5 21. Ne2
gxf4 22. Nxf4 Bf7 23. Qb7 d5 24. Bf1 d4 25. Re1 Qd6 26. Qb6 dxe3+ 27. Qxe3 Ng6
28. Nxg6 Qxg6 29. d4 f4 30. Qd3 Qh5 31. Qd2 Ra3 32. Rc3 Rxc3 33. Qxc3 c5 34.
Bg2 cxd4 35. Qd3 Bg6 36. Qb3 d3 37. Kg1 Qc5+ 38. Kh1 Rc8 39. Ng1 d2 40. Rd1 Rd8
41. Bf3 Kh7 42. Rf1 Rd3 43. Qb5 Qd4 44. Bd1 Be4+ 45. Nf3 Rxf3 46. Rxf3 Bxf3+
47. Bxf3 d1=Q+ 48. Bxd1 Qxd1+ 49. Kg2 Qe2+ 0-1

[Event "Tbilisi Municipality Cup 2010"]
[Site "?"]
[Date "2010.05.18"]
[Round "4.17"]
[White "Tsereteli, Tamar"]
[Black "Zaslavsky, Mikhail"]
[Result "1/2-1/2"]
[WhiteElo "2402"]
[BlackElo "2397"]
[PlyCount "155"]
[EventDate "2010.??.??"]
[SourceDate "2010.05.18"]

1. e4 c5 2. Nf3 Nc6 3. d4 cxd4 4. Nxd4 Nf6 5. Nc3 e5 6. Ndb5 d6 7. Nd5 Nxd5 8.
exd5 Nb8 9. c4 Be7 10. Bd3 O-O 11. O-O a6 12. Nc3 f5 13. f3 Nd7 14. Kh1 Bg5 15.
g3 Bxc1 16. Rxc1 b6 17. b4 Ra7 18. Na4 Rc7 19. Rf2 Bb7 20. Rfc2 Qg5 21. Nc3
Rfc8 22. a4 e4 23. fxe4 Ne5 24. exf5 Qe3 25. Bf1 Rxc4 26. Bxc4 Rxc4 27. Kg2 Nd3
28. Qg1 Qe5 29. Qxb6 Bxd5+ 30. Nxd5 Qxd5+ 31. Kg1 Nxc1 32. Qd8+ Kf7 33. Qd7+
Kf6 34. Qd8+ Kxf5 35. Qd7+ Kg6 36. Qe8+ Kh6 37. Qe3+ g5 38. Rxc1 Rxc1+ 39. Qxc1
Qd4+ 40. Kg2 Qe4+ 41. Kg1 Qxb4 42. Qf1 Qb6+ 43. Kg2 Qc6+ 44. Kh3 Qc8+ 45. g4
Qc3+ 46. Kg2 Qd2+ 47. Kg3 Qe3+ 48. Kg2 Qe4+ 49. Kg3 Qe5+ 50. Kg2 a5 51. Qf8+
Kg6 52. Qg8+ Qg7 53. Qe6+ Qf6 54. Qg8+ Kh6 55. Qd5 Qb2+ 56. Kg3 Qc3+ 57. Kg2
Qc2+ 58. Kg3 Qc7 59. Kg2 Qe7 60. Qxa5 Qe2+ 61. Kg3 Qe3+ 62. Kg2 Qe4+ 63. Kf2
Qf4+ 64. Kg2 Qxg4+ 65. Kf2 Qf4+ 66. Kg2 Qe4+ 67. Kg3 Kh5 68. Qa7 Qg4+ 69. Kf2
Qf5+ 70. Kg3 Qd3+ 71. Kf2 Kh4 72. a5 Qc2+ 73. Kg1 Qd1+ 74. Kg2 Qg4+ 75. Kf1
Qc4+ 76. Kg2 Qe4+ 77. Kf2 Qc2+ 78. Kg1 1/2-1/2

[Event "Tbilisi Municipality Cup 2010"]
[Site "?"]
[Date "2010.05.18"]
[Round "4.18"]
[White "Guramishvili, Sopiko"]
[Black "Mamedjarova, Turkan"]
[Result "1-0"]
[WhiteElo "2289"]
[BlackElo "2279"]
[PlyCount "65"]
[EventDate "2010.??.??"]
[SourceDate "2010.05.18"]

1. d4 f5 2. g3 Nf6 3. Bg2 g6 4. Nf3 Bg7 5. O-O O-O 6. b4 d6 7. Bb2 c6 8. c4 Na6
9. a3 Nc7 10. Nbd2 e6 11. Qc2 h6 12. e4 d5 13. e5 Nh7 14. a4 g5 15. Ne1 f4 16.
Nd3 Qe8 17. b5 Qh5 18. h3 Bd7 19. Ba3 Rf7 20. Nc5 g4 21. Qd1 f3 22. hxg4 Qxg4
23. Nxf3 dxc4 24. Nxb7 Nd5 25. Nh2 Qxd1 26. Rfxd1 Bf8 27. Bxf8 Raxf8 28. Nc5
Nc3 29. Nxd7 Ne2+ 30. Kh1 Rxd7 31. bxc6 Rxd4 32. Rxd4 Nxd4 33. Rc1 1-0

[Event "Tbilisi Municipality Cup 2010"]
[Site "?"]
[Date "2010.05.18"]
[Round "4.19"]
[White "Volkov, Nika"]
[Black "Sulashvili, Malkhaz"]
[Result "0-1"]
[WhiteElo "2151"]
[BlackElo "2497"]
[PlyCount "70"]
[EventDate "2010.??.??"]
[SourceDate "2010.05.18"]

1. d4 d5 2. c4 e6 3. Nc3 Bb4 4. e3 Nf6 5. Nge2 O-O 6. a3 Be7 7. Nf4 c6 8. b3
Nbd7 9. Bb2 dxc4 10. Bxc4 e5 11. dxe5 Nxe5 12. O-O Nxc4 13. bxc4 Bf5 14. Nce2
Qxd1 15. Rfxd1 g5 16. Nd3 Rfd8 17. Nd4 Bg6 18. Ne5 Ne4 19. g4 Nc5 20. f4 Be4
21. Nf5 Bxf5 22. gxf5 Na4 23. Nd3 gxf4 24. exf4 Rxd3 25. Rxd3 Nxb2 26. Rb3 Nxc4
27. Rxb7 Bc5+ 28. Kh1 Bb6 29. f6 Nd6 30. Re7 Bd4 31. Rd1 c5 32. Rc1 Ne8 33. Rb1
Bxf6 34. Rd7 c4 35. Rbb7 c3 0-1

[Event "Tbilisi Municipality Cup 2010"]
[Site "?"]
[Date "2010.05.18"]
[Round "4.22"]
[White "Amirkhanashvili, Archil"]
[Black "Chigladze, Iveri"]
[Result "0-1"]
[WhiteElo "2101"]
[BlackElo "2386"]
[PlyCount "51"]
[EventDate "2010.??.??"]
[SourceDate "2010.05.18"]

1. e4 Nf6 2. Nc3 d5 3. e5 Nfd7 4. d4 c5 5. Nf3 e6 6. Bf4 Nc6 7. Be2 cxd4 8. Nb5
Bc5 9. O-O a6 10. Nd6+ Bxd6 11. exd6 e5 12. Bg3 O-O 13. Re1 Re8 14. Bf1 h6 15.
Qd2 Qf6 16. Nxe5 Ndxe5 17. f4 Nf3+ 18. gxf3 Bf5 19. Kh1 Qxd6 20. Bd3 Bxd3 21.
Qxd3 Qb4 22. f5 Qxb2 23. f6 g6 24. Qd2 d3 25. Be5 Nxe5 26. Rg1 0-1

[Event "Tbilisi Municipality Cup 2010"]
[Site "?"]
[Date "2010.05.18"]
[Round "4.23"]
[White "Morchiashvili, Bachana"]
[Black "Martirosyan, lia"]
[Result "1/2-1/2"]
[WhiteElo "2370"]
[BlackElo "2108"]
[PlyCount "119"]
[EventDate "2010.??.??"]
[SourceDate "2010.05.18"]

1. d4 d5 2. Nf3 Nf6 3. c4 e6 4. Nc3 Be7 5. Bg5 h6 6. Bh4 O-O 7. e3 b6 8. Bd3
Bb7 9. O-O Nbd7 10. Bg3 c5 11. cxd5 Nxd5 12. Nxd5 Bxd5 13. Rc1 Nf6 14. dxc5
Bxc5 15. Ne5 Bb7 16. Bb5 Rc8 17. Bh4 Qxd1 18. Rfxd1 g5 19. Bg3 Rfd8 20. Nd7 Ne4
21. Be5 a6 22. Ba4 b5 23. Bc2 Be7 24. f3 Nd6 25. Nf6+ Kf8 26. Bb3 Nc4 27. Bxc4
Rxc4 28. Rxd8+ Bxd8 29. Rd1 Rc8 30. Bc3 Be7 31. Rd7 Bc6 32. Ra7 Bc5 33. Rxa6
Bxe3+ 34. Kf1 b4 35. Bxb4+ Kg7 36. Rxc6 Rxc6 37. Ne4 Kg6 38. Bc3 f5 39. Nf2 Bf4
40. h3 Bc7 41. Nd3 Rc4 42. Ke2 g4 43. hxg4 fxg4 44. Nf2 gxf3+ 45. Kxf3 h5 46.
Ne4 Kf5 47. Ng3+ Bxg3 48. Kxg3 Ke4 49. Kh4 Rc5 50. a4 Kd3 51. a5 e5 52. a6 e4
53. a7 Rc8 54. Kxh5 Ra8 55. g4 e3 56. g5 e2 57. g6 Rxa7 58. Kh6 Rc7 59. g7 Rxc3
60. bxc3 1/2-1/2

[Event "Tbilisi Municipality Cup 2010"]
[Site "?"]
[Date "2010.05.18"]
[Round "4.24"]
[White "Gvetadze, Sopio"]
[Black "Ter-Karapetian, Armen"]
[Result "0-1"]
[WhiteElo "2363"]
[BlackElo "2093"]
[PlyCount "74"]
[EventDate "2010.??.??"]
[SourceDate "2010.05.18"]

1. e4 c5 2. Nf3 d6 3. d4 cxd4 4. Nxd4 Nf6 5. Nc3 e6 6. Bg5 Be7 7. f4 h6 8. Bxf6
Bxf6 9. Qd2 a6 10. O-O-O O-O 11. Kb1 b5 12. g4 Bb7 13. Bg2 Qb6 14. Nce2 Nc6 15.
Nxc6 Bxc6 16. Ng3 b4 17. Nh5 Bc3 18. Qd3 g6 19. Ng3 Rac8 20. Bf1 Ba4 21. Qxa6
Bxc2+ 22. Kxc2 b3+ 23. axb3 Bf6+ 24. Kd2 Qxb3 25. Ke1 Qxb2 26. Be2 Rc2 27. Qd3
Rfc8 28. Kf1 R8c3 29. Qa6 Ra3 30. Qxd6 Bh4 31. Qd4 Rxe2 32. Qxb2 Rxb2 33. f5
Rf3+ 34. Kg1 Bg5 35. Nf1 Rff2 36. Ng3 Be3 37. Re1 Rg2+ 0-1

[Event "Tbilisi Municipality Cup 2010"]
[Site "?"]
[Date "2010.05.18"]
[Round "4.25"]
[White "Tsiramua, Nodar"]
[Black "Zarkua, Davit"]
[Result "0-1"]
[WhiteElo "2083"]
[BlackElo "2362"]
[PlyCount "126"]
[EventDate "2010.??.??"]
[SourceDate "2010.05.18"]

1. c4 c5 2. Nc3 Nc6 3. g3 g6 4. Bg2 Bg7 5. Nf3 Nh6 6. O-O Nf5 7. d3 O-O 8. Bd2
a6 9. Rb1 b5 10. cxb5 axb5 11. Nxb5 Rxa2 12. Bc3 Qb6 13. Qb3 Ra6 14. Nd2 Nb4
15. Bxg7 Kxg7 16. Nc3 Nd4 17. Qd1 Bb7 18. Na4 Qa7 19. Bxb7 Rxa4 20. Bg2 Rb8 21.
e3 Ndc6 22. Ne4 Ra5 23. Qd2 d5 24. Nc3 e6 25. Rfd1 Ne5 26. d4 cxd4 27. Qxd4
Qxd4 28. Rxd4 f5 29. Rdd1 Kf6 30. f3 Na2 31. e4 Nxc3 32. bxc3 Rxb1 33. Rxb1
dxe4 34. fxe4 Ra3 35. exf5 gxf5 36. Rc1 Nd3 37. Rc2 Ra1+ 38. Bf1 Ne1 39. Rf2 e5
40. g4 f4 41. h4 f3 42. Kh2 e4 43. Kg3 e3 44. Rb2 Nc2 45. Rb6+ Ke7 46. Bc4 e2
47. Re6+ Kd7 48. Kxf3 e1=Q 49. Rxe1 Rxe1 50. Bg8 Re3+ 51. Kf4 Rxc3 52. Bxh7
Rc4+ 53. Be4 Nd4 54. Ke5 Ke7 55. Bd5 Nc6+ 56. Kf5 Rc5 57. Ke4 Nb4 58. Bb3 Rc3
59. Bg8 Rh3 60. h5 Kf6 61. Bh7 Kg5 62. Bf5 Nd3 63. h6 Nf2+ 0-1

[Event "Tbilisi Municipality Cup 2010"]
[Site "?"]
[Date "2010.05.18"]
[Round "4.26"]
[White "Chkhikvishvili, Mindia"]
[Black "Purtseladze, Maka"]
[Result "0-1"]
[WhiteElo "2068"]
[BlackElo "2317"]
[PlyCount "64"]
[EventDate "2010.??.??"]
[SourceDate "2010.05.18"]

1. e4 c6 2. c4 d5 3. exd5 cxd5 4. cxd5 Nf6 5. Nc3 Nxd5 6. d4 Nxc3 7. bxc3 g6 8.
Nf3 Bg7 9. Bb5+ Nd7 10. O-O O-O 11. Rb1 Qc7 12. Ba3 Nb6 13. Re1 Bf6 14. Bc5 Nd5
15. Qb3 Rd8 16. Ne5 b6 17. Nc6 Bf5 18. Ba3 Bxb1 19. Rxb1 Rd7 20. Nb4 Nxc3 21.
Na6 Qd8 22. Qxc3 Rxd4 23. Qf3 Rc8 24. Nb4 Rc3 25. Qxc3 Rd1+ 26. Qe1 Rxe1+ 27.
Rxe1 Qd2 28. Rf1 Bb2 29. Nc2 Bxa3 30. Ne3 Bc5 31. Nc4 Qb4 32. Ba6 Qa4 0-1

[Event "Tbilisi Municipality Cup 2010"]
[Site "?"]
[Date "2010.05.18"]
[Round "4.27"]
[White "Qashashvili, Alexandre"]
[Black "Hajiev, Shahin Qabil Ogl"]
[Result "1-0"]
[WhiteElo "2315"]
[BlackElo "2091"]
[PlyCount "59"]
[EventDate "2010.??.??"]
[SourceDate "2010.05.18"]

1. e4 c5 2. Nf3 d6 3. d4 cxd4 4. Nxd4 Nf6 5. Nc3 a6 6. Bc4 e6 7. O-O b5 8. Bb3
Qc7 9. f4 Nc6 10. Kh1 Be7 11. f5 Nxd4 12. Qxd4 O-O 13. Bg5 Rb8 14. a3 a5 15. a4
b4 16. Nb5 Qb6 17. Rad1 Rd8 18. Be3 Qxd4 19. Nxd4 Bb7 20. fxe6 Bxe4 21. exf7+
Kh8 22. Nf5 Bf8 23. Bg5 d5 24. Nxg7 Bxg7 25. Bxf6 Rd7 26. Bxg7+ Kxg7 27. Rd4
Rf8 28. Kg1 Rd6 29. Rf4 Rfd8 30. f8=Q+ 1-0

[Event "Tbilisi Municipality Cup 2010"]
[Site "?"]
[Date "2010.05.18"]
[Round "4.28"]
[White "Siradze, Salome"]
[Black "Gelazonia, Parmen"]
[Result "0-1"]
[WhiteElo "2039"]
[BlackElo "2315"]
[PlyCount "86"]
[EventDate "2010.??.??"]
[SourceDate "2010.05.18"]

1. d4 g6 2. c4 Bg7 3. e4 d6 4. Nc3 e5 5. d5 f5 6. exf5 gxf5 7. Qh5+ Kf8 8. g4
fxg4 9. Bd3 Qe8 10. Qh4 Qe7 11. Qg3 Nf6 12. Bg5 Qf7 13. Bxf6 Bxf6 14. Ne4 Na6
15. Ne2 Ke7 16. O-O-O Bf5 17. N2c3 Qg6 18. c5 Nb4 19. Kb1 h5 20. a3 h4 21. Qe3
Bg5 22. Qe2 Nxd3 23. Qxd3 Rhf8 24. Rhe1 Bf4 25. Ka1 a6 26. cxd6+ cxd6 27. Qc4
Rac8 28. Qb4 b5 29. Nxd6 Qxd6 30. Qxf4 Rxc3 31. Rxe5+ Kd7 32. Rxf5 Qxf4 33.
Rxf4 Rxa3+ 34. bxa3 Rxf4 35. Rd2 Kd6 36. Ka2 Rf3 37. Kb2 a5 38. Ka2 Rf5 39. Rd4
Rxf2+ 40. Kb3 Rg2 41. Kc3 h3 42. Kb3 Rg1 43. Rd2 g3 0-1

[Event "Tbilisi Municipality Cup 2010"]
[Site "?"]
[Date "2010.05.18"]
[Round "4.29"]
[White "Janiashvili, Irakli"]
[Black "Meskhi, Teona"]
[Result "1-0"]
[WhiteElo "2313"]
[BlackElo "2073"]
[PlyCount "160"]
[EventDate "2010.??.??"]
[SourceDate "2010.05.18"]

1. e4 d6 2. d4 Nf6 3. Nc3 g6 4. Nf3 Bg7 5. Be2 O-O 6. O-O c6 7. a4 Qc7 8. Bf4
Nh5 9. Be3 e5 10. Qd2 Nd7 11. Rad1 Nhf6 12. h3 Re8 13. dxe5 dxe5 14. Bc4 Nb6
15. Bxb6 axb6 16. Qd6 Qxd6 17. Rxd6 h6 18. Rfd1 Kf8 19. g4 Ng8 20. Nh4 Nf6 21.
b4 h5 22. f3 hxg4 23. hxg4 Nh7 24. Rxg6 Bf6 25. Rh6 Kg7 26. Rh5 Ng5 27. Kg2 Be6
28. Nf5+ Kg8 29. Bd3 Kf8 30. b5 Red8 31. Rb1 Rab8 32. Kf2 Bxf5 33. gxf5 Ke7 34.
Rg1 Rg8 35. Ke3 Kf8 36. Bc4 Rd8 37. Rb1 Be7 38. Bd3 Bc5+ 39. Ke2 f6 40. Nd1 Ke7
41. Ne3 Ra8 42. bxc6 bxc6 43. Nc4 Rh8 44. Rbh1 Rxh5 45. Rxh5 Nf7 46. Rh7 Rh8
47. Rxh8 Nxh8 48. a5 b5 49. Nd2 Nf7 50. Nb3 Ba7 51. c4 Nd6 52. cxb5 cxb5 53.
Nc1 Bc5 54. Na2 Kd7 55. Nc3 Kc6 56. Nd5 Ne8 57. Kd2 Bf2 58. Kc2 Bh4 59. a6 Nd6
60. Kb3 Nc8 61. Bf1 Na7 62. Nc3 Bf2 63. Nd5 Bh4 64. Bh3 Kc5 65. Bg4 Kd4 66. Bh5
Kc5 67. Be8 Bg5 68. Bd7 Kd6 69. Be6 Nc6 70. Bf7 Na7 71. Be8 Kc5 72. Nc3 Be3 73.
Bd7 Bf2 74. Nd5 Bh4 75. Kc3 Be1+ 76. Kd3 Bh4 77. Nc3 b4 78. Nd5 Bg5 79. Kc2 Kc4
80. Kb2 Bh4 1-0

[Event "Tbilisi Municipality Cup 2010"]
[Site "?"]
[Date "2010.05.18"]
[Round "4.30"]
[White "Jalabadze, Natia"]
[Black "Nikolashvili, Giorgi"]
[Result "0-1"]
[WhiteElo "2019"]
[BlackElo "2310"]
[PlyCount "64"]
[EventDate "2010.??.??"]
[SourceDate "2010.05.18"]

1. e4 c5 2. Nf3 a6 3. c4 e6 4. Nc3 Qc7 5. d4 cxd4 6. Nxd4 Nf6 7. Be2 b6 8. O-O
Bb7 9. f3 Bd6 10. g3 O-O 11. Be3 Be7 12. Rc1 d6 13. Qd2 Nbd7 14. b4 Rac8 15.
Nb3 Qb8 16. Rfd1 Rfe8 17. a3 Bf8 18. Kg2 Qa8 19. Bf1 Ne5 20. Bxb6 d5 21. cxd5
Rxc3 22. Rxc3 exd5 23. Kg1 dxe4 24. Nd4 Nd5 25. fxe4 Nxb6 26. Bg2 Rd8 27. Qe2
Qa7 28. Qf2 Na4 29. Rc2 Ng4 30. Qd2 g6 31. h3 Bh6 32. Qd3 Rxd4 0-1

[Event "Tbilisi Municipality Cup 2010"]
[Site "?"]
[Date "2010.05.19"]
[Round "5.1"]
[White "Shanava, Konstantine"]
[Black "Pantsulaia, Levan"]
[Result "1/2-1/2"]
[WhiteElo "2557"]
[BlackElo "2587"]
[PlyCount "40"]
[EventDate "2010.??.??"]

1. e4 c6 2. Nc3 d5 3. Nf3 Bg4 4. h3 Bxf3 5. Qxf3 e6 6. d4 dxe4 7. Nxe4 Nd7 8.
Bd3 Ngf6 9. c3 Be7 10. O-O Nxe4 11. Qxe4 Nf6 12. Qe2 O-O 13. Bg5 h6 14. Bxf6
Bxf6 15. Rad1 Qd5 16. Qe4 Qxe4 17. Bxe4 Rfd8 18. g3 g6 19. Kg2 h5 20. h4 Kg7
1/2-1/2

[Event "Tbilisi Municipality Cup 2010"]
[Site "?"]
[Date "2010.05.19"]
[Round "5.2"]
[White "Khotenashvili, Bela"]
[Black "Mchedlishvili, Mikheil"]
[Result "1/2-1/2"]
[WhiteElo "2410"]
[BlackElo "2630"]
[PlyCount "108"]
[EventDate "2010.??.??"]

1. d4 d5 2. Nf3 Nf6 3. g3 c6 4. Bg2 Bg4 5. Ne5 Bh5 6. c4 e6 7. cxd5 exd5 8. Nc3
Be7 9. O-O O-O 10. h3 Nfd7 11. g4 Nxe5 12. dxe5 Bg6 13. f4 d4 14. Ne4 Bxe4 15.
Bxe4 Nd7 16. Qc2 g6 17. h4 Bc5 18. Kg2 Qxh4 19. Bf3 Qe7 20. g5 Rfd8 21. Rh1 Nf8
22. Qd3 Rac8 23. Bg4 Rc7 24. Rh6 Bb4 25. a3 Be1 26. Rh1 Ba5 27. b4 Bb6 28. Bd2
c5 29. bxc5 Qxc5 30. Bb4 Qc6+ 31. Bf3 Qc2 32. Kg3 Ne6 33. Rh6 Qxd3 34. exd3 Bc5
35. Rah1 Bxb4 36. axb4 Nf8 37. Be4 Re8 38. Ra1 a6 39. Ra5 Ne6 40. Rh1 Ree7 41.
Rd5 Rc3 42. f5 gxf5 43. Bxf5 Nxg5 44. Kf4 Ne6+ 45. Bxe6 Rxe6 46. Rxd4 Rb3 47.
Ke4 Kg7 48. Rd7 Rxb4+ 49. d4 Rg6 50. Rf1 Rg4+ 51. Kd3 Rg3+ 52. Kc2 Kg8 53. Rd8+
Kg7 54. Rd7 Kg8 1/2-1/2